Využitie externých poradcov vo firme

Samozrejmosť pri využívaní externých poradcov vo vyspelých firmách, hlavne v období prvých prejavov začínajúcej sa krízy podniku. Ako krízu zvládnuť, využitie poradcov aj na realizáciu protikrízových opatrení.

Salvato in:
Dettagli Bibliografici
Autore principale: Bienik, J.
Natura: Capitolo di libro
Lingua:slovacco
Soggetti:
Tags: Aggiungi Tag
Nessun Tag, puoi essere il primo ad aggiungerne!!

MARC

LEADER 00000naa a2200000 4500
001 r014755
005 20221213114749.1
041 0 |a slo 
044 |a SK 
245 1 0 |a Využitie externých poradcov vo firme  |c J. Bienik 
520 |a Samozrejmosť pri využívaní externých poradcov vo vyspelých firmách, hlavne v období prvých prejavov začínajúcej sa krízy podniku. Ako krízu zvládnuť, využitie poradcov aj na realizáciu protikrízových opatrení. 
610 2 0 |a poradcovia 
610 2 0 |a poradenstvo 
610 2 0 |a firmy 
610 2 0 |a pokles podniku 
100 1 |a Bienik, J.